Statistics for Music Trivia: Albums of 2019

Click here to take the quiz!

General Stats

  • This quiz has been taken 39 times
  • The average score is 3 of 14

Answer Stats

HintAnswer% Correct
KiwanukaMichael Kiwanuka
57%
Father of the BrideVampire Weekend
49%
Better Oblivion Community CenterPhoebe Bridgers and Conor Oberst
41%
Western StarsBruce Springsteen
22%
All MirrorsAngel Olsen
19%
The HighwomenThe Highwomen
19%
HyperspaceBeck
16%
From out of NowhereJeff Lynne's ELO
16%
Ride Me Back HomeWillie Nelson
14%
Days of Bagnold SummerBelle and Sebastian
11%
12 Little SpellsEsperanza Spalding
11%
Jimmy LeeRaphael Saadiq
11%
Let's RockThe Black Keys
11%
In the Morse Code of Brake LightsThe New Pornographers
11%

Score Distribution

Percentile by Number Answered

Percent of People with Each Score

Your Score History

You have not taken this quiz